| 000 | 00387nam a2200133Ia 4500 | ||
|---|---|---|---|
| 008 | 231229s2007 xx 000 0 und d | ||
| 041 | _aeng | ||
| 082 |
_a658.151 _bANT |
||
| 100 | _aANTHONY (Robert N.)/ GOVINDRAJAN (Vijay) | ||
| 245 | _aManagement Control Systems | ||
| 250 | _a12th | ||
| 260 |
_aNew Delhi _bTata McGraw-Hil Publication Company Limited . Delhi _c2007 |
||
| 300 | _a851 | ||
| 999 |
_c1103045 _d1103045 |
||